| 000 -LEADER |
| fixed length control field |
00456nam a2200121 4500 |
| 082 ## - DEWEY DECIMAL CLASSIFICATION NUMBER |
| Classification number |
TNC T42x54 J78 |
| 100 ## - MAIN ENTRY--PERSONAL NAME |
| Personal name |
Joshi, G.V. Rego, P.A. Lobo, Norbert. |
| 9 (RLIN) |
24827 |
| 245 ## - TITLE STATEMENT |
| Title |
Privatishation of banks in India: Present positions and future options |
| 260 ## - PUBLICATION, DISTRIBUTION, ETC. (IMPRINT) |
| Place of publication, distribution, etc |
Mangalore |
| Name of publisher, distributor, etc |
Corporation bank chair in Bank Management Department of economic |
| Date of publication, distribution, etc |
2002 |
| 300 ## - PHYSICAL DESCRIPTION |
| Extent |
276p |
| 650 ## - SUBJECT ADDED ENTRY--TOPICAL TERM |
| Topical term or geographic name as entry element |
Privatisation - India |
| 9 (RLIN) |
24828 |
| 650 ## - SUBJECT ADDED ENTRY--TOPICAL TERM |
| Topical term or geographic name as entry element |
Banks and banking - India |
| 9 (RLIN) |
24829 |